| 000 | 00000nam##2200000za#4500 |
| 001 | 9.534733 |
| 003 | CaOODSP |
| 005 | 20210615083627 |
| 007 | ta |
| 008 | 150406|2000||||xxc||||| f|0| 0 fre|d |
| 040 | |aCaOODSP|bfre |
| 041 | |aeng |
| 041 | |afre |
| 043 | |an-cn--- |
| 086 | 1 |aH12-30/114 |
| 110 | 1 |aCanada.|bSanté Canada. |bDirection générale de la protection de la santé. |
| 245 | 10|aRévision de l'A.M.M. N° 112: Infections attribuables à une décontamination inadéquate réalisée à l'aide d'unités de retraitement automatique des endoscopes (URAE) |
| 260 | |aOttawa - Ontario : |bSanté Canada. |
| 300 | |a7p. ; |c28 cm. |
| 490 | 1 |aAlerte: matériels médicaux |vN° 114, le 1er novembre 2000 |
| 546 | |aBilingue |
| 563 | |aDépliant |
| 590 | |a00-51|b2000-12-29 |
| 691 | 07|aTechnologie médicale|2gcpds |
| 691 | 07|aMesure de sécurité|2gcpds |
| 776 | 0#|tRevision to M.D.A. no. 112 - infections from endoscopes inadequately reprocessed by automatic endoscope reprocessing units |w(CaOODSP)9.588063 |
| 791 | |tRevision to M.D.A. No. 112: Infections from endoscopes inadequately reprocessed by automatic endoscope reprocessing units |eeng|w(CaOODSP)9.534732 |
| 830 | #0|aAlerte: matériels médicaux ;|vN° 114, le 1er novembre 2000|w(CaOODSP)9.509385 |